000 00640nam a2200229Ia 4500
003 OSt
005 20220918192726.0
006 a|||||r|||| 00| 0
007 ta
008 220917b |||||||| |||| 00| 0 eng d
024 _a69,867
037 _cTextual
040 _aARTS
_cARTS
_beng
041 _2eng
_aeng
082 _aR321, G3
100 _aCunningham G Watts
_979950
245 0 _aIdealistic argument in recent British and American philosophy
260 _c1933
490 _aCentury philosophy series , ed by Sterling P Lamprecht
942 _hR321, G3
_cTEXL
_2CC
999 _c195996
_d195996